Historia de la ciencia y sus relaciones con la filosofia y la religión
Saved in:
| Hovedforfatter: | |
|---|---|
| Format: | Bog |
| Sprog: | spansk |
| Udgivet: |
Madrid
Tecnos
1992
|
| Serier: | Filosofía y Ensayo
|
| Fag: | |
| Tags: |
Tilføj Tag
Ingen Tags, Vær først til at tagge denne postø!
|
MARC
| LEADER | 00000nam a2200000 a 4500 | ||
|---|---|---|---|
| 001 | UCX7350 | ||
| 003 | CL-VaPUC | ||
| 008 | 931206e19920000SP |||||||||||||||||spa|d | ||
| 020 | |a 8430903593 | ||
| 082 | 0 | 4 | |a 509 |b DAM |2 21 |
| 100 | 0 | |a Dampier, William Cecil |e author |9 324177 | |
| 245 | 1 | 0 | |a Historia de la ciencia y sus relaciones con la filosofia y la religión |
| 300 | |a 570 p | ||
| 942 | |c BK | ||
| 945 | |d 19931206 00:00:00 |a mfernand | ||
| 260 | |a Madrid |b Tecnos |c 1992 | ||
| 650 | 7 | |a CIENCIA HISTORIA |2 CL-VaPUC |9 263304 | |
| 650 | 0 | |a Filosofía de las ciencias |9 256466 | |
| 650 | 0 | |a Religión y ciencia |9 314470 | |
| 583 | |a last modification |c 19931206 00:00:00 |k Rodrigo Vera | ||
| 490 | 0 | |a Filosofía y Ensayo | |
| 999 | |c 227187 |d 227185 | ||
| 952 | |0 0 |1 2 |4 0 |6 509_000000000000000_DAM_1992 |7 0 |8 A |9 226043 |a BIBTEO |b BIBTEO |d 2019-11-15 |i 295298K |o 509 DAM 1992 |p 295298K |r 2019-11-15 |w 2019-11-15 |y BK |k ICR | ||
| 952 | |0 0 |1 2 |4 0 |6 509_000000000000000_DAM_1992 |7 0 |8 A |9 226044 |a BIBTEO |b BIBTEO |d 2019-11-15 |i 298928K |o 509 DAM 1992 |p 298928K |r 2019-11-15 |w 2019-11-15 |y BK |k ICR | ||